Irwin Law The Charter of Rights and Freedoms (Fifth Edition) /

Detalles Bibliográficos
Autor principal: J. Sharpe, Robert
Otros Autores: Roach, Kent
Formato: eBook
Lenguaje:inglés
Publicado: Toronto: Irwin Law Inc., 2013
Edición:Fifth Edition
Materias:
Acceso en línea:Acceso restringido

MARC

LEADER 00000nam a22000007a 4500
005 20171102174053.0
007 cr|||| ||||
008 171102s2013 xxc|||||s|||| 00||0 eng d
020 |a 978-1-55221-342-1 
035 |a 20646 
040 |a vLex 
090 |c 7188  |d 7188 
100 1 |a J. Sharpe, Robert 
245 1 0 |a Irwin Law  |h [Recurso electrn̤ico] :  |b The Charter of Rights and Freedoms (Fifth Edition) /  |c Robert J. Sharpe (Court of Appeal for Ontario); Kent Roach (Faculty of Law, University of Toronto) 
250 |a Fifth Edition 
256 |a Servicio en ln̕ea 
260 |a Toronto:  |b Irwin Law Inc.,  |c 2013 
300 |a 1 recurso electrn̤ico 
506 1 |a Disponible solo en los productos indicados  |d vLex Global  |d vLex Global (Academic Edition, excluding Law Schools)  |d vLex Global (U.S. Academic Edition, Law Schools)  |d vLex Global (U.S. Academic Edition, excluding Law Schools)  |d vLex Global (Academic Edition, Law Schools) 
650 0 4 |a Derechos y Deberes fundamentales  |z Canad̀ 
700 1 |a Roach, Kent 
740 0 |a vLex Libros (Servicio en ln̕ea) 
856 4 0 |u http://vlex.com/source/charter-rights-freedoms-20646  |z Acceso restringido 
942 |c BOOK 
999 0 |a Civil rights